<?xml version="1.0" encoding="UTF-8"?>
<collection xmlns="http://www.loc.gov/MARC21/slim">
 <record>
  <leader>01784nam a22002537a 4500</leader>
  <controlfield tag="001">NCT_28774</controlfield>
  <controlfield tag="008">180412b        xxu||||| |||| 00| 0 vie d</controlfield>
  <datafield tag="999" ind1=" " ind2=" ">
   <subfield code="c">1382</subfield>
   <subfield code="d">1382</subfield>
  </datafield>
  <datafield tag="020" ind1=" " ind2=" ">
   <subfield code="c">216000</subfield>
  </datafield>
  <datafield tag="082" ind1="0" ind2="4">
   <subfield code="2">23rd ed.</subfield>
   <subfield code="a">616.994</subfield>
   <subfield code="b">Đ104</subfield>
  </datafield>
  <datafield tag="100" ind1="1" ind2=" ">
   <subfield code="a">Nguyễn Thanh Đạm</subfield>
  </datafield>
  <datafield tag="245" ind1=" " ind2=" ">
   <subfield code="a">Ung thư căn bệnh thế kỷ</subfield>
   <subfield code="c">Nguyễn Thanh Đạm</subfield>
  </datafield>
  <datafield tag="260" ind1=" " ind2=" ">
   <subfield code="a">H.</subfield>
   <subfield code="b">Y học</subfield>
   <subfield code="c">2010</subfield>
  </datafield>
  <datafield tag="300" ind1=" " ind2=" ">
   <subfield code="a">987tr.</subfield>
   <subfield code="c">24cm</subfield>
  </datafield>
  <datafield tag="520" ind1="3" ind2=" ">
   <subfield code="a">Ung thư - căn bệnh của thế kỷ đã và đang gây bao nỗi đau khổ nhức nhối, gieo rắc tang thương cho nhân loại. Ung thư - kẻ vẫn được mệnh danh là bản án của tử thần, kẻ giết người nguy hiểm trong suốt lịch sử loài người, hàng năm đã gây ra cái chết của hàng triệu người trên hành tinh chúng ta.</subfield>
  </datafield>
  <datafield tag="653" ind1=" " ind2=" ">
   <subfield code="a">Y  đa khoa</subfield>
  </datafield>
  <datafield tag="653" ind1=" " ind2=" ">
   <subfield code="a">Dược học</subfield>
  </datafield>
  <datafield tag="942" ind1=" " ind2=" ">
   <subfield code="2">ddc</subfield>
   <subfield code="c">BK</subfield>
  </datafield>
  <datafield tag="952" ind1=" " ind2=" ">
   <subfield code="0">0</subfield>
   <subfield code="1">0</subfield>
   <subfield code="2">ddc</subfield>
   <subfield code="4">0</subfield>
   <subfield code="6">616_994000000000000_Đ104</subfield>
   <subfield code="7">0</subfield>
   <subfield code="9">6801</subfield>
   <subfield code="a">000001</subfield>
   <subfield code="b">000001</subfield>
   <subfield code="d">2018-04-12</subfield>
   <subfield code="o">616.994 Đ104</subfield>
   <subfield code="p">MD.10805</subfield>
   <subfield code="r">2018-04-12</subfield>
   <subfield code="v">216000.00</subfield>
   <subfield code="w">2018-04-12</subfield>
   <subfield code="y">BK</subfield>
  </datafield>
  <datafield tag="952" ind1=" " ind2=" ">
   <subfield code="0">0</subfield>
   <subfield code="1">0</subfield>
   <subfield code="2">ddc</subfield>
   <subfield code="4">0</subfield>
   <subfield code="6">616_994000000000000_Đ104</subfield>
   <subfield code="7">0</subfield>
   <subfield code="9">6802</subfield>
   <subfield code="a">000001</subfield>
   <subfield code="b">000001</subfield>
   <subfield code="d">2018-04-12</subfield>
   <subfield code="o">616.994 Đ104</subfield>
   <subfield code="p">MD.12056</subfield>
   <subfield code="r">2018-04-12</subfield>
   <subfield code="v">216000.00</subfield>
   <subfield code="w">2018-04-12</subfield>
   <subfield code="y">BK</subfield>
  </datafield>
  <datafield tag="952" ind1=" " ind2=" ">
   <subfield code="0">0</subfield>
   <subfield code="1">0</subfield>
   <subfield code="2">ddc</subfield>
   <subfield code="4">0</subfield>
   <subfield code="6">616_994000000000000_Đ104</subfield>
   <subfield code="7">0</subfield>
   <subfield code="9">6803</subfield>
   <subfield code="a">000001</subfield>
   <subfield code="b">000001</subfield>
   <subfield code="d">2018-04-12</subfield>
   <subfield code="o">616.994 Đ104</subfield>
   <subfield code="p">MD.12057</subfield>
   <subfield code="r">2018-04-12</subfield>
   <subfield code="v">216000.00</subfield>
   <subfield code="w">2018-04-12</subfield>
   <subfield code="y">BK</subfield>
  </datafield>
  <datafield tag="952" ind1=" " ind2=" ">
   <subfield code="0">0</subfield>
   <subfield code="1">0</subfield>
   <subfield code="2">ddc</subfield>
   <subfield code="4">0</subfield>
   <subfield code="6">616_994000000000000_Đ104</subfield>
   <subfield code="7">0</subfield>
   <subfield code="9">6804</subfield>
   <subfield code="a">000001</subfield>
   <subfield code="b">000001</subfield>
   <subfield code="d">2018-04-12</subfield>
   <subfield code="o">616.994 Đ104</subfield>
   <subfield code="p">MD.12058</subfield>
   <subfield code="r">2018-04-12</subfield>
   <subfield code="v">216000.00</subfield>
   <subfield code="w">2018-04-12</subfield>
   <subfield code="y">BK</subfield>
  </datafield>
  <datafield tag="952" ind1=" " ind2=" ">
   <subfield code="0">0</subfield>
   <subfield code="1">0</subfield>
   <subfield code="2">ddc</subfield>
   <subfield code="4">0</subfield>
   <subfield code="6">616_994000000000000_Đ104</subfield>
   <subfield code="7">0</subfield>
   <subfield code="9">6805</subfield>
   <subfield code="a">000001</subfield>
   <subfield code="b">000001</subfield>
   <subfield code="d">2018-04-12</subfield>
   <subfield code="o">616.994 Đ104</subfield>
   <subfield code="p">MD.12059</subfield>
   <subfield code="r">2018-04-12</subfield>
   <subfield code="v">216000.00</subfield>
   <subfield code="w">2018-04-12</subfield>
   <subfield code="y">BK</subfield>
  </datafield>
  <datafield tag="980" ind1=" " ind2=" ">
   <subfield code="a">Thư viện Trường Đại học Nam Cần Thơ</subfield>
  </datafield>
 </record>
</collection>
